| 000 | 01088nam a22001937a 4500 | ||
|---|---|---|---|
| 008 | 120910t xxu||||| |||| 00| 0 eng d | ||
| 020 | _a9780077451615 | ||
| 020 | _a0077451619 | ||
| 050 | _aQD31.3.B88 | ||
| 100 | _aBurdge, Julia | ||
| 245 |
_aChemistry. / _cJulia Burdge |
||
| 250 |
_a2nd ed. _bVolume 1, chapters 1-9 |
||
| 260 |
_aBoston: _bMcGraw Hill learning solutions, _c2011. |
||
| 300 |
_axxxiv, 385 + various pagings: _bill.; _c26cm. |
||
| 500 | _aIncludes index. | ||
| 505 | _aContents: 1 Chemistry: the central science 2Atoms, molecules, and Ions 3.Stiochiometry: ratios of combinations 4. Reactions in aqueous solutions 5. Thermochemistry 6. Quantum theory and electronic structure of atoms 7. Electronic configuration and the periodic table 8.Chemeical bonding I: basic concepts 9. Chemical bonding II: molecular geometry and bonding theories Appendix 1: Mathematical operations. -- Appendix 2: Thermodynamics data at 1 atm and 25 degree celcius --Appendix 3 Solubility product constants at 25 degree celcius. | ||
| 650 | _bChemistry. | ||
| 942 |
_2lcc _cBK |
||
| 999 |
_c7290 _d14790 |
||